000 00877nam a2200265Ia 4500
003 OSt
005 20221005112848.0
006 a|||||r|||| 00| 0
007 ta
008 221004b |||||||| |||| 00| 0 pan d
020 _cINR 280.00
024 _a65678
037 _b1176, 22/01/2020, H.K. Prakashan
_cTextual
040 _aCRL
_cCRL
_bpan
041 _2pan
_apan
082 _aO153,1NGUx, Q9
100 _aਸਿੰਘ, ਗੁਰਦੀਪ, ਂਚ.
245 0 _aਲੌਅ
260 _aਦਿੱਲੀ
_bਐੱਚ. ਕੇ. ਪ੍ਰਕਾFਨ ਭਾਰਤ
_c2019
300 _a96ਪ੍ਰ0
_ccm.
650 _a ਪੰਜਾਬੀ ਕਾਵਿ
650 _aਪੰਜਾਬੀ ਸਾਹਿਤ
942 _hO153,1NGUx, Q9
_cTEXL
_2cc
999 _c1026229
_d1026229